000 00730nmc a2200265 a 4500
003 AR-BaBNM
005 20251128204205.0
008 265019s1993 ||||||||||||||000 | spa||
020 _a950-25-2691-0
040 _cAR-BaBNM
100 1 _aEcheverría, Esteban
_d1805-1851
245 1 0 _aLa cautiva
_b; El Matadero : ojeada retrospectiva
260 _aBuenos Aires
_bCentro Editor de América Latina
_c1993
300 1 _aviii, 163 p.
490 0 _aBiblioteca básica Argentina. Serie C
650 4 _aLITERATURA ARGENTINA
650 4 _aPOESIA
650 4 _aROMANTICISMO
650 4 _aORGANIZACION NACIONAL
650 4 _aSALON LITERARIO
653 0 _aNARRATIVA
655 _aLITERATURA
942 _cBK
998 _cCarmen
999 _c6531
_d6531